[Event "SR 2. liga A 2008/2009"]
[Site "?"]
[Date "2008.12.06"]
[Round "5.3"]
[White "Dugovic, Branislav"]
[Black "Varholakova, Niki"]
[Result "1-0"]
[WhiteElo "2120"]
[BlackElo "2191"]
[PlyCount "93"]
[EventDate "2008.??.??"]
[WhiteTeam "Slovakia"]
[BlackTeam "II"]
[WhiteTeamCountry "SVK"]
[BlackTeamCountry "SVK"]

1. Nf3 d5 2. b3 Nf6 3. Bb2 Bf5 4. c4 e6 5. g3 c5 6. Bg2 Be7 7. O-O O-O 8. cxd5
exd5 9. d4 Ne4 10. Nc3 Bf6 11. Rc1 Nc6 12. Na4 c4 13. bxc4 dxc4 14. Rxc4 Be6
15. Rc1 Bxa2 16. Ne5 Bd5 17. f3 Ng5 18. e4 Ba2 19. f4 Bxe5 20. fxe5 Na5 21. Qe2
Bb3 22. Nc5 b6 23. Nxb3 Nxb3 24. Rcd1 Ne6 25. Qf3 Na5 26. Ba3 Nc4 27. Bxf8 Qxf8
28. Qe2 b5 29. d5 Qc5+ 30. Kh1 Nd8 31. Qf2 Qxf2 32. Rxf2 Nxe5 33. Rb2 Rb8 34.
Bf1 a6 35. Ra1 Nb7 36. Rxa6 Nc5 37. Ra5 Nxe4 38. Raxb5 Rxb5 39. Rxb5 f6 40. Bh3
Kf7 41. Rb7+ Kg6 42. Rb4 Nd3 43. Rd4 Ndc5 44. d6 Nf2+ 45. Kg2 Nxh3 46. Kxh3 Nd7
47. Re4 1-0

[Event "SR 2. liga A 2008/2009"]
[Site "?"]
[Date "2008.12.06"]
[Round "5.3"]
[White "Kovac, Andrej"]
[Black "Csiba, Dominik"]
[Result "1-0"]
[WhiteElo "2038"]
[BlackElo "2169"]
[PlyCount "75"]
[EventDate "2008.??.??"]
[WhiteTeam "Slovakia"]
[BlackTeam "II"]
[WhiteTeamCountry "SVK"]
[BlackTeamCountry "SVK"]

1. d4 Nf6 2. c4 g6 3. Nc3 Bg7 4. g3 O-O 5. Bg2 c5 6. d5 d6 7. Nf3 a6 8. O-O b5
9. cxb5 axb5 10. Nxb5 Ba6 11. Nc3 Nbd7 12. Qc2 Ra7 13. Rd1 Qa8 14. a4 Ng4 15.
e4 Nge5 16. Nxe5 Nxe5 17. b3 f5 18. Bb2 f4 19. Nb5 Bxb5 20. axb5 Rxa1 21. Rxa1
Qb7 22. Ra5 Qb6 23. Bc3 g5 24. Qd2 Ng4 25. Bh3 Bxc3 26. Qxc3 Ne5 27. Be6+ Kg7
28. g4 f3 29. Qa1 Rf4 30. Bf5 h5 31. Ra7 Qd8 32. Ra8 Qb6 33. Qa6 Nd7 34. Bxd7
Rxe4 35. Qa1+ Re5 36. Be6 Qxb5 37. Rg8+ Kf6 38. Qb1 1-0

[Event "SR 2. liga A 2008/2009"]
[Site "?"]
[Date "2008.12.06"]
[Round "5.3"]
[White "Kubon, Kamil"]
[Black "Polacik, Igor"]
[Result "0-1"]
[WhiteElo "2044"]
[BlackElo "2194"]
[PlyCount "98"]
[EventDate "2008.??.??"]
[WhiteTeam "Slovakia"]
[BlackTeam "II"]
[WhiteTeamCountry "SVK"]
[BlackTeamCountry "SVK"]

1. Nf3 Nf6 2. g3 b5 3. Bg2 Bb7 4. O-O e6 5. b3 Be7 6. Bb2 O-O 7. d3 c5 8. c4
bxc4 9. bxc4 d6 10. Nbd2 Qc7 11. Bc3 Nbd7 12. Nb3 Rab8 13. Qc2 d5 14. cxd5 exd5
15. Rfc1 Qd6 16. e3 Rfc8 17. Rab1 Ba6 18. Na5 Rxb1 19. Rxb1 d4 20. Bb2 dxe3 21.
Nc4 exf2+ 22. Kxf2 Ng4+ 23. Kg1 Bxc4 24. dxc4 Bf6 25. Rd1 Qc7 26. Qa4 Nb6 27.
Qb3 Bxb2 28. Qxb2 Nxc4 29. Qb5 Nb6 30. Bh3 h5 31. Re1 Qc6 32. Qxc6 Rxc6 33.
Bxg4 hxg4 34. Re8+ Kh7 35. Ne5 Re6 36. Rxe6 fxe6 37. Nxg4 Kg6 38. Kf2 Kf5 39.
h3 Nd5 40. Ke1 Ke4 41. Nf2+ Ke3 42. h4 c4 43. Ng4+ Ke4 44. Kd2 c3+ 45. Kc2 Ne3+
46. Nxe3 Kxe3 47. Kxc3 Kf3 48. Kb4 e5 49. a4 e4 0-1

[Event "SR 2. liga A 2008/2009"]
[Site "?"]
[Date "2008.12.06"]
[Round "5.3"]
[White "Mihalik, Marek"]
[Black "Gajarsky, Roman"]
[Result "1/2-1/2"]
[WhiteElo "2098"]
[BlackElo "1943"]
[PlyCount "56"]
[EventDate "2008.??.??"]
[WhiteTeam "Slovakia"]
[BlackTeam "II"]
[WhiteTeamCountry "SVK"]
[BlackTeamCountry "SVK"]

1. d4 d5 2. c4 c6 3. Nf3 dxc4 4. a4 b5 5. e3 Bb7 6. b3 cxb3 7. axb5 Qb6 8. Qxb3
a6 9. Bc4 Nh6 10. bxc6 Qxb3 11. Bxb3 Bxc6 12. d5 Bb5 13. Nc3 Bd7 14. e4 g6 15.
Bf4 Bg7 16. Rc1 O-O 17. O-O a5 18. Na4 Na6 19. Nb6 Bb5 20. Bc4 Bxc4 21. Rxc4
Ra7 22. Rfc1 Nb4 23. Ne1 Rb7 24. Nc8 f5 25. Rc7 Rxc7 26. Rxc7 fxe4 27. Nxe7+
Kh8 28. g3 Nd3 1/2-1/2

[Event "SR 2. liga A 2008/2009"]
[Site "?"]
[Date "2008.12.06"]
[Round "5.3"]
[White "Todor, Razvan"]
[Black "Janos, Jozef"]
[Result "0-1"]
[WhiteElo "2215"]
[BlackElo "2244"]
[PlyCount "178"]
[EventDate "2008.??.??"]
[WhiteTeam "Slovakia"]
[BlackTeam "II"]
[WhiteTeamCountry "SVK"]
[BlackTeamCountry "SVK"]

1. d4 Nf6 2. Nf3 g6 3. Nc3 d5 4. Bf4 Bg7 5. e3 Nh5 6. Bg5 Be6 7. Be2 h6 8. Bh4
Nd7 9. Nd2 Nhf6 10. Bg3 a6 11. Bf3 c5 12. O-O O-O 13. Nb3 c4 14. Nd2 b5 15. e4
dxe4 16. Ndxe4 Nd5 17. Re1 Rc8 18. Qd2 N7b6 19. Nc5 Bf5 20. Nxa6 Nxc3 21. bxc3
Qd7 22. Be5 f6 23. Bg3 e6 24. Re2 Rfe8 25. Qe1 Bf8 26. h3 h5 27. Rd1 Nd5 28.
Bh2 h4 29. Be4 Kf7 30. Nb4 Bxb4 31. cxb4 Ra8 32. c3 Ra3 33. Rc1 Bxe4 34. Rxe4
g5 35. f4 Rxa2 36. fxg5 Rg8 37. Qxh4 Rxg5 38. Rg4 Rxg4 39. Qxg4 Kf8 40. Qf3 Qg7
41. Bd6+ Ke8 42. Re1 Kd7 43. Qe4 Qg8 44. Bh2 f5 45. Qf3 Qg5 46. Be5 Qd2 47. Qg3
Qxc3 48. Qg7+ Ne7 49. Bg3 Ra1 50. Rxa1 Qxa1+ 51. Kh2 Qc3 52. h4 Qxb4 53. h5 Qd2
54. h6 c3 55. h7 c2 56. h8=Q c1=Q 57. Qhf8 Qg5 58. Qxg5 Qxg5 59. Qa8 Qh6+ 60.
Kg1 Qc1+ 61. Kh2 Qc6 62. Qa7+ Ke8 63. Bh4 Nd5 64. Qb8+ Kf7 65. Bg3 Qb6 66. Qh8
b4 67. Qh5+ Ke7 68. Qg5+ Kd7 69. Qg7+ Kc6 70. Qe5 Kb7 71. Qb8+ Ka6 72. Qc8+ Kb5
73. Qe8+ Kc4 74. Qc8+ Kb5 75. Qe8+ Qc6 76. Qb8+ Ka4 77. Qa7+ Kb3 78. Qa1 Qc3
79. Qb1+ Ka3 80. Be5 b3 81. Bd6+ Ka4 82. Qf1 b2 83. Qa6+ Kb3 84. Qa3+ Kc2 85.
Qa4+ Qb3 86. Qc6+ Kd1 87. Bg3 f4 88. Bh4 b1=Q 89. Qd6 Q1d3 0-1

[Event "SR 2. liga A 2008/2009"]
[Site "?"]
[Date "2008.12.06"]
[Round "5.4"]
[White "Certek, Pavel"]
[Black "Biro, Karol"]
[Result "1-0"]
[WhiteElo "2216"]
[BlackElo "2186"]
[PlyCount "221"]
[EventDate "2008.??.??"]
[WhiteTeam "Slovakia"]
[BlackTeam "II"]
[WhiteTeamCountry "SVK"]
[BlackTeamCountry "SVK"]

1. d4 Nf6 2. Nf3 e6 3. e3 c5 4. c4 Be7 5. Nc3 d6 6. b3 Nbd7 7. Bb2 O-O 8. Bd3
a6 9. O-O b6 10. a4 Bb7 11. d5 Ne5 12. Nxe5 dxe5 13. dxe6 fxe6 14. Qc2 Qe8 15.
Ne4 Qh5 16. f3 Rad8 17. Ng3 Qh6 18. Rfe1 Bd6 19. Be4 Nxe4 20. Nxe4 Bc7 21. Ng3
e4 22. f4 Rd3 23. Re2 g5 24. Be5 Bxe5 25. fxe5 g4 26. Rf1 Qg5 27. Rxf8+ Kxf8
28. Re1 Ke7 29. Qf2 Bc6 30. a5 bxa5 31. Qa2 Qxe5 32. Qxa5 Rxb3 33. Qxa6 Bb7 34.
Qa5 Qd6 35. Nf1 Qb6 36. Qa1 Rb2 37. Rc1 Qb4 38. Qa7 Qb6 39. Qb8 Ba6 40. Qe5 Rb1
41. Rxb1 Qxb1 42. Qxc5+ Kd7 43. Qa7+ Bb7 44. Qd4+ Kc6 45. Kf2 Ba6 46. Nd2 Qd3
47. Qxe4+ Qxe4 48. Nxe4 Bxc4 49. Nf6 Bd3 50. e4 Kd6 51. Ke3 Bc2 52. Kf4 g3 53.
e5+ Ke7 54. Kxg3 Kf7 55. Kf4 Ke7 56. Ne4 Bb1 57. Nc5 Ba2 58. g4 Bc4 59. h4 Ba2
60. Ke3 Kf7 61. Nd3 Bb1 62. Kd4 Ke7 63. Kc3 Kf7 64. Nf4 Be4 65. Nh3 Bb1 66.
Ng5+ Ke7 67. Kd4 Bc2 68. Ne4 h6 69. Nf6 Kf7 70. Ke3 Bb3 71. Kf4 Kg6 72. h5+ Kg7
73. g5 Bd1 74. Ng4 hxg5+ 75. Kxg5 Bc2 76. Nf6 Bd3 77. Ne8+ Kf7 78. Nc7 Bc2 79.
Nb5 Bb1 80. Nd4 Be4 81. Kh6 Bd3 82. Nf3 Bf5 83. Nh4 Be4 84. Ng6 Bc2 85. Nf4 Bf5
86. Kg5 Bc2 87. Ne2 Bd3 88. Nd4 Bc4 89. Kh6 Bd3 90. Nb3 Bf5 91. Na5 Bc2 92. Nc4
Bd3 93. Nd6+ Kf8 94. Kg5 Ke7 95. Kf4 Bc2 96. Ne4 Kf8 97. Ng5 Kg7 98. Nxe6+ Kh6
99. Nd4 Ba4 100. e6 Kxh5 101. Kf5 Kh4 102. Nf3+ Kg3 103. Ne5 Bc2+ 104. Kf6 Bb3
105. e7 Ba4 106. Kf5 Kh4 107. Ke6 Be8 108. Nd7 Kg5 109. Nf6 Bg6 110. Ne4+ Kf4
111. Nd6 1-0

[Event "SR 2. liga A 2008/2009"]
[Site "?"]
[Date "2008.12.06"]
[Round "5.4"]
[White "Csiba, Peter"]
[Black "Macka, Oto"]
[Result "1-0"]
[WhiteElo "2041"]
[BlackElo "2057"]
[PlyCount "63"]
[EventDate "2008.??.??"]
[WhiteTeam "Slovakia"]
[BlackTeam "II"]
[WhiteTeamCountry "SVK"]
[BlackTeamCountry "SVK"]

1. e4 e5 2. Nf3 Nc6 3. Bb5 Nf6 4. Nc3 Bb4 5. O-O O-O 6. Re1 d6 7. h3 Ne7 8. a3
Bxc3 9. bxc3 Ng6 10. d4 c6 11. Bd3 Bd7 12. Rb1 b6 13. c4 Qe7 14. c3 h6 15. a4
Nh7 16. c5 dxc5 17. Ba3 Ng5 18. dxc5 Rfd8 19. Nxg5 Qxg5 20. Bc1 Nf4 21. Qf3
bxc5 22. Bxf4 exf4 23. e5 Be6 24. Be4 Rd2 25. Bxc6 Rad8 26. Be4 Ra2 27. Red1
Rxd1+ 28. Qxd1 Bf5 29. h4 Qg6 30. Rb8+ Kh7 31. Qd8 Qg4 32. Bf3 1-0

[Event "SR 2. liga A 2008/2009"]
[Site "?"]
[Date "2008.12.06"]
[Round "5.4"]
[White "Hartl, Jan"]
[Black "Banasova, Katarina"]
[Result "0-1"]
[WhiteElo "2161"]
[BlackElo "2139"]
[PlyCount "77"]
[EventDate "2008.??.??"]
[WhiteTeam "Slovakia"]
[BlackTeam "II"]
[WhiteTeamCountry "SVK"]
[BlackTeamCountry "SVK"]

1. e4 c5 2. Nf3 d6 3. d4 cxd4 4. Nxd4 Nf6 5. Nc3 a6 6. Bc4 b5 7. Bb3 e6 8. a3
Qc7 9. O-O Be7 10. Qe2 Nc6 11. Be3 O-O 12. Rad1 Bd7 13. h3 Na5 14. Ba2 Nc4 15.
Bxc4 Qxc4 16. Qxc4 bxc4 17. Bc1 Rfd8 18. g4 h5 19. f3 Rac8 20. Rfe1 Rc5 21. Kg2
Re8 22. Nde2 e5 23. Ng3 hxg4 24. hxg4 g6 25. Nf1 Be6 26. Ne3 Kg7 27. Rd2 Rb8
28. Red1 Ne8 29. Re2 Bg5 30. Nf5+ gxf5 31. gxf5 Bxc1 32. fxe6 Bg5 33. exf7 Kxf7
34. Rh1 Nf6 35. Rb1 Rg8 36. Kf1 Nh5 37. Rd1 Ng3+ 38. Kf2 Nxe2 39. Kxe2 0-1

[Event "SR 2. liga A 2008/2009"]
[Site "?"]
[Date "2008.12.06"]
[Round "5.4"]
[White "Hricak, Vasil"]
[Black "Cibicek, Jozef"]
[Result "1-0"]
[WhiteElo "2046"]
[BlackElo "2035"]
[PlyCount "131"]
[EventDate "2008.??.??"]
[WhiteTeam "Slovakia"]
[BlackTeam "II"]
[WhiteTeamCountry "SVK"]
[BlackTeamCountry "SVK"]

1. e4 c5 2. Nf3 d6 3. d4 cxd4 4. Qxd4 a6 5. Be2 Nc6 6. Qd1 Nf6 7. Nc3 g6 8. O-O
Bg7 9. h3 O-O 10. Be3 h6 11. Nd2 d5 12. exd5 Nb4 13. Nb3 Nbxd5 14. Nxd5 Nxd5
15. Bd4 e5 16. Bc5 Re8 17. Bc4 Be6 18. Qd2 b5 19. Bxd5 Bxd5 20. Rfd1 Be6 21.
Qxd8 Raxd8 22. Bb6 Rc8 23. c3 Rc6 24. Ba5 h5 25. Nc1 f5 26. Nd3 Bc8 27. Nb4 Rc4
28. Rd6 Kh7 29. Nxa6 Ra4 30. Nc7 Re7 31. Nd5 Ra7 32. b4 Ra3 33. Nb6 Rxc3 34.
Nxc8 Rxc8 35. Rb6 Rc2 36. Rxb5 e4 37. Rd1 Rxa2 38. Rd6 Ra1+ 39. Kh2 Re7 40.
Rdd5 Rf1 41. Bb6 f4 42. Bc5 Re5 43. Rd7 Rxc5 44. Rxc5 Kh6 45. Rd2 Rb1 46. b5 h4
47. Re2 e3 48. fxe3 fxe3 49. Rd5 Rb3 50. g3 Bb2 51. gxh4 Bc1 52. Kg3 Rb4 53.
Rc5 Bd2 54. Rg2 Rb3 55. Kf3 Rb4 56. Rg4 Rb1 57. Re4 Rb3 58. Re6 Rb4 59. h5 Rh4
60. Rxg6+ Kh7 61. Rc7+ Kh8 62. Re6 Rf4+ 63. Kxf4 e2+ 64. Kf5 e1=Q 65. Rxe1 Bxe1
66. Kg6 1-0

[Event "SR 2. liga A 2008/2009"]
[Site "?"]
[Date "2008.12.06"]
[Round "5.4"]
[White "Kollarik, Gorazd"]
[Black "Manak, Jozef"]
[Result "1/2-1/2"]
[WhiteElo "1941"]
[BlackElo "2009"]
[PlyCount "38"]
[EventDate "2008.??.??"]
[WhiteTeam "Slovakia"]
[BlackTeam "II"]
[WhiteTeamCountry "SVK"]
[BlackTeamCountry "SVK"]

1. e4 c5 2. Nf3 Nc6 3. d4 cxd4 4. Nxd4 Nf6 5. Nc3 d6 6. Be3 Ng4 7. Qd2 Nxe3 8.
Qxe3 Qb6 9. O-O-O g6 10. Nd5 Qa5 11. a3 a6 12. Nb3 Qd8 13. Kb1 Bg7 14. Be2 O-O
15. g4 b5 16. h4 Be6 17. f4 Bxd5 18. exd5 Na5 19. Nxa5 Qxa5 1/2-1/2

[Event "SR 2. liga A 2008/2009"]
[Site "?"]
[Date "2008.12.06"]
[Round "5.4"]
[White "Pagerka, Martin"]
[Black "Bukovsky, Milan"]
[Result "1-0"]
[WhiteElo "1998"]
[BlackElo "2022"]
[PlyCount "83"]
[EventDate "2008.??.??"]
[WhiteTeam "Slovakia"]
[BlackTeam "II"]
[WhiteTeamCountry "SVK"]
[BlackTeamCountry "SVK"]

1. e4 e5 2. Nf3 Nc6 3. Bb5 g6 4. O-O Bg7 5. c3 a6 6. Ba4 d6 7. d4 Bd7 8. Be3
Nf6 9. Nbd2 O-O 10. Re1 Ng4 11. Bg5 f6 12. Bh4 g5 13. Bg3 Kh8 14. Nf1 Qe8 15.
h3 Nh6 16. N3h2 b5 17. Bc2 f5 18. exf5 Bxf5 19. Ne3 Bxc2 20. Qxc2 Qg6 21. Qxg6
hxg6 22. Nd5 Rf7 23. Nf3 exd4 24. Nxg5 Rd7 25. cxd4 Nf5 26. Nf4 Bxd4 27. Kh2
Nxg3 28. fxg3 Bxb2 29. Rad1 Ne5 30. Rxe5 Bxe5 31. Nxg6+ Kg7 32. Nxe5 Re7 33.
Nc6 Re2 34. Nd4 Rxa2 35. Nge6+ Kg6 36. Nxc7 Rf8 37. Nde6 Rff2 38. Nf4+ Kf7 39.
Rxd6 b4 40. Rd7+ Kf6 41. Ncd5+ Ke5 42. Nxb4 1-0

[Event "SR 2. liga A 2008/2009"]
[Site "?"]
[Date "2008.12.06"]
[Round "5.5"]
[White "Bury, Rastislav"]
[Black "Peitl, Tomas"]
[Result "0-1"]
[WhiteElo "2088"]
[BlackElo "2033"]
[PlyCount "80"]
[EventDate "2008.??.??"]
[WhiteTeam "Slovakia"]
[BlackTeam "II"]
[WhiteTeamCountry "SVK"]
[BlackTeamCountry "SVK"]

1. d4 Nf6 2. c4 e6 3. Nc3 Bb4 4. Bg5 h6 5. Bh4 c5 6. d5 d6 7. e3 Bxc3+ 8. bxc3
e5 9. Qc2 Nbd7 10. Bd3 Qe7 11. e4 Kd8 12. Ne2 g5 13. Bg3 Kc7 14. f3 Nb6 15. Bf2
Bd7 16. Ng3 g4 17. Be3 gxf3 18. gxf3 Rag8 19. a4 h5 20. a5 Nc8 21. Kf2 h4 22.
Nf5 Bxf5 23. exf5 h3 24. Rag1 Nh5 25. Rg4 Rxg4 26. fxg4 Qh4+ 27. Kf3 Nf6 28.
Rg1 e4+ 29. Bxe4 Re8 30. Bf2 Qg5 31. Bd3 Nd7 32. Kg3 Re3+ 33. Bxe3 Qxe3+ 34.
Kh4 Qxg1 35. Kxh3 Ne5 36. Qe2 Ne7 37. Be4 Ng8 38. Bg2 Nf6 39. g5 Nfg4 40. Bf3
Nf2+ 0-1

[Event "SR 2. liga A 2008/2009"]
[Site "?"]
[Date "2008.12.06"]
[Round "5.5"]
[White "Goga, Frantisek"]
[Black "Vrba, Michal"]
[Result "1/2-1/2"]
[WhiteElo "1960"]
[BlackElo "1974"]
[PlyCount "31"]
[EventDate "2008.??.??"]
[WhiteTeam "Slovakia"]
[BlackTeam "II"]
[WhiteTeamCountry "SVK"]
[BlackTeamCountry "SVK"]

1. e4 d5 2. exd5 Qxd5 3. Nc3 Qa5 4. d4 Nf6 5. Nf3 c6 6. Bd3 Bg4 7. h3 Bh5 8. g4
Bg6 9. Ne5 Nbd7 10. f4 e6 11. Bd2 Bxd3 12. Nxd3 Qc7 13. Qf3 O-O-O 14. g5 Nd5
15. Nxd5 cxd5 16. Ne5 1/2-1/2

[Event "SR 2. liga A 2008/2009"]
[Site "?"]
[Date "2008.12.06"]
[Round "5.5"]
[White "Gono, Michal"]
[Black "Racik, Marek"]
[Result "1/2-1/2"]
[WhiteElo "1854"]
[BlackElo "1932"]
[PlyCount "54"]
[EventDate "2008.??.??"]
[WhiteTeam "Slovakia"]
[BlackTeam "II"]
[WhiteTeamCountry "SVK"]
[BlackTeamCountry "SVK"]

1. d4 Nf6 2. c4 e6 3. Nc3 Bb4 4. Qc2 c5 5. Nf3 Nc6 6. e3 O-O 7. a3 Bxc3+ 8.
Qxc3 b6 9. Be2 Bb7 10. O-O Qc7 11. Rb1 d5 12. dxc5 Ne4 13. Qc2 Nxc5 14. cxd5
exd5 15. b4 Ne6 16. Bb2 Rac8 17. Bd3 h6 18. Bf5 Ne7 19. Qxc7 Rxc7 20. Bxe6 fxe6
21. Be5 Rc2 22. Bd6 Re8 23. Rfc1 Rxc1+ 24. Rxc1 Nf5 25. Be5 Rc8 26. Rxc8+ Bxc8
27. Nd4 Bd7 1/2-1/2

[Event "SR 2. liga A 2008/2009"]
[Site "?"]
[Date "2008.12.06"]
[Round "5.5"]
[White "Mydlarik, Martin"]
[Black "Beles, Milan"]
[Result "1-0"]
[WhiteElo "2124"]
[BlackElo "2083"]
[PlyCount "177"]
[EventDate "2008.??.??"]
[WhiteTeam "Slovakia"]
[BlackTeam "II"]
[WhiteTeamCountry "SVK"]
[BlackTeamCountry "SVK"]

1. e4 c5 2. d4 cxd4 3. Nf3 d6 4. Nxd4 Nf6 5. Nc3 e5 6. Bb5+ Bd7 7. Bxd7+ Qxd7
8. Nb3 Qc6 9. Qe2 Nbd7 10. O-O Be7 11. Na5 Qc7 12. Nc4 O-O 13. Bg5 Rfc8 14. Ne3
Bf8 15. Bxf6 Nxf6 16. Rfd1 a6 17. a4 Rab8 18. a5 b5 19. axb6 Qxb6 20. Ra2 Qb7
21. Qd3 Qb4 22. g3 Rxc3 23. bxc3 Qxe4 24. Qxe4 Nxe4 25. Rxa6 g6 26. Rc6 Rb2 27.
Rc8 Kg7 28. Rc4 Nc5 29. Rb4 Ra2 30. Rdb1 h5 31. R1b2 Ra1+ 32. Rb1 Ra2 33. Kg2
Be7 34. Nd5 Bd8 35. Rb8 Ne6 36. Nb4 Ra3 37. Rb3 Ra1 38. Nd5 Ra2 39. Rc8 Rxc2
40. Rbb8 Rd2 41. c4 Rd4 42. Rxd8 Nxd8 43. Rxd8 Rxc4 44. Rxd6 Rd4 45. Rd7 h4 46.
Nb6 Rb4 47. Nc8 hxg3 48. hxg3 Kf6 49. Rd6+ Kg7 50. Ne7 Rc4 51. Kf3 Ra4 52. g4
Ra3+ 53. Ke2 Ra4 54. f3 Rf4 55. Ke3 Ra4 56. Rb6 Rc4 57. g5 Rc1 58. Kf2 Rc5 59.
Rd6 Rc2+ 60. Kg3 Rc1 61. Kh2 Rc2+ 62. Kh3 Rc1 63. Rd2 Rh1+ 64. Rh2 Rd1 65. Nc6
f6 66. Re2 Rh1+ 67. Kg2 Rh5 68. gxf6+ Kxf6 69. Re4 Rg5+ 70. Kf2 Rh5 71. Nb4
Rh2+ 72. Ke3 Rh5 73. Nd5+ Kf7 74. Kf2 Rf5 75. Ne3 Rg5 76. Ng4 Ke6 77. Ke3 Rh5
78. Ra4 Rh1 79. Ra5 Re1+ 80. Kf2 Rb1 81. Rxe5+ Kf7 82. Kg3 Rb3 83. Kf4 Ra3 84.
Re4 Ra5 85. Rb4 Rf5+ 86. Ke4 Ra5 87. Rb7+ Ke6 88. Rb6+ Ke7 89. Rxg6 1-0

[Event "SR 2. liga A 2008/2009"]
[Site "?"]
[Date "2008.12.06"]
[Round "5.5"]
[White "Petrik, Karol"]
[Black "Mikulas, Dusan"]
[Result "0-1"]
[WhiteElo "2167"]
[BlackElo "2183"]
[PlyCount "164"]
[EventDate "2008.??.??"]
[WhiteTeam "Slovakia"]
[BlackTeam "II"]
[WhiteTeamCountry "SVK"]
[BlackTeamCountry "SVK"]

1. c4 e6 2. Nf3 d5 3. g3 Nf6 4. Bg2 Be7 5. O-O O-O 6. Qc2 Nbd7 7. b3 c6 8. Bb2
Qc7 9. d3 b6 10. Nc3 Bb7 11. Rac1 Rac8 12. h3 Qb8 13. e4 e5 14. Rce1 dxc4 15.
dxc4 b5 16. Nd1 Ba6 17. Ne3 Rfe8 18. Rd1 Bf8 19. Rfe1 g6 20. Bf1 Bh6 21. Ng4
Bg7 22. Nxf6+ Nxf6 23. c5 Re7 24. Rd6 Ne8 25. Rd2 Rd8 26. Red1 Rxd2 27. Qxd2 h6
28. Qa5 Bc8 29. Rd8 Qb7 30. b4 Kh7 31. a4 bxa4 32. Qxa4 f5 33. exf5 Bxf5 34.
Nh4 Be4 35. Ba6 Qc7 36. Qd1 Bd5 37. Ra8 Nf6 38. Qc2 e4 39. Bc1 Qd7 40. Bc8 Qd8
41. Be3 Rc7 42. Bb7 Qd7 43. Ba6 Qxh3 44. Bf1 Qe6 45. Qa4 g5 46. Ng2 Qf7 47. Be2
Rd7 48. Qa6 Rb7 49. b5 cxb5 50. c6 Rc7 51. Bxb5 Ng4 52. Rxa7 Ne5 53. Rxc7 Nf3+
54. Kf1 Qxc7 55. Qa7 Bxc6 56. Qc5 Bxb5+ 57. Qxb5 Qc8 58. Ne1 Qh3+ 59. Ke2 Ng1+
60. Kd2 Qc8 61. Nc2 Nf3+ 62. Kd1 Ne5 63. Nd4 Qa8 64. Qb1 Qd5 65. Qb6 Qa8 66.
Qb3 Qa1+ 67. Kc2 Nd3 68. Ne2 Qa6 69. Kd1 Nb2+ 70. Kd2 Qd6+ 71. Nd4 Bxd4 72.
Bxd4 Qxd4+ 73. Kc2 Qc4+ 74. Kxb2 Qxb3+ 75. Kxb3 Kg6 76. g4 Kf6 77. Kc4 Ke5 78.
Kc3 Kf4 79. Kd4 Kf3 80. Ke5 Kxf2 81. Kxe4 Kg3 82. Kf5 Kf3 0-1

[Event "SR 2. liga A 2008/2009"]
[Site "?"]
[Date "2008.12.06"]
[Round "5.5"]
[White "Sturdik, Igor"]
[Black "Polasek, Filip"]
[Result "1-0"]
[WhiteElo "2022"]
[BlackElo "2096"]
[PlyCount "61"]
[EventDate "2008.??.??"]
[WhiteTeam "Slovakia"]
[BlackTeam "II"]
[WhiteTeamCountry "SVK"]
[BlackTeamCountry "SVK"]

1. e4 e5 2. Nf3 Nc6 3. d4 exd4 4. Bc4 Be7 5. Nxd4 d6 6. Nc3 Nf6 7. O-O O-O 8.
h3 Ne5 9. Be2 Ne8 10. Be3 Kh8 11. Qd2 f5 12. f4 Nc6 13. Nxf5 Bxf5 14. exf5 Rxf5
15. Bg4 Rf8 16. Rae1 Bh4 17. Bf2 Bxf2+ 18. Qxf2 Nf6 19. Bf3 Qd7 20. Nd5 Nxd5
21. Bxd5 Rf6 22. c3 Raf8 23. Qe3 b6 24. Qe4 Nd8 25. Qe7 Qf5 26. Be4 Qc5+ 27.
Kh2 Ne6 28. Bxh7 Nxf4 29. Bc2 Qg5 30. g3 Nh5 31. Qxf8+ 1-0

[Event "SR 2. liga A 2008/2009"]
[Site "?"]
[Date "2008.12.06"]
[Round "5.6"]
[White "Barca, Michal"]
[Black "Curidlo, Jan"]
[Result "1/2-1/2"]
[WhiteElo "1783"]
[BlackElo "1979"]
[PlyCount "167"]
[EventDate "2008.??.??"]
[WhiteTeam "Slovakia"]
[BlackTeam "II"]
[WhiteTeamCountry "SVK"]
[BlackTeamCountry "SVK"]

1. c4 e5 2. Nc3 Nc6 3. Nf3 Nf6 4. g3 d6 5. d4 exd4 6. Nxd4 Bd7 7. Bg2 Nxd4 8.
Qxd4 c6 9. Bg5 Be7 10. Ne4 Nxe4 11. Bxe7 Qxe7 12. Bxe4 O-O 13. O-O Rad8 14. f4
d5 15. cxd5 cxd5 16. Bf3 b6 17. Rfd1 Be6 18. Qe5 Qc5+ 19. Kh1 Rfe8 20. Rac1 Qd6
21. Qd4 Rc8 22. e4 Rxc1 23. Rxc1 Rd8 24. exd5 Bh3 25. Qe5 g6 26. Qxd6 Rxd6 27.
Rc6 Rd7 28. Kg1 h5 29. Kf2 Kf8 30. d6 Be6 31. a4 Bb3 32. Rc3 Bxa4 33. Bc6 Bxc6
34. Rxc6 f6 35. Ke3 Kf7 36. f5 gxf5 37. Kf4 Ke6 38. h3 b5 39. b4 Rxd6 40. Rxd6+
Kxd6 41. Kxf5 Kd5 42. Kf4 Kc4 43. g4 h4 44. Kf5 Kxb4 45. Kxf6 a5 46. g5 a4 47.
g6 a3 48. g7 a2 49. g8=Q a1=Q+ 50. Kf5 Qf1+ 51. Ke5 Qe2+ 52. Kf6 Qf3+ 53. Ke7
Qe4+ 54. Kf6 Qf4+ 55. Ke7 Qe5+ 56. Kd7 Qf5+ 57. Kd8 Qxh3 58. Qf8+ Ka4 59. Qd6
b4 60. Qa6+ Kb3 61. Qd6 Qc3 62. Qe6+ Kb2 63. Qe2+ Qc2 64. Qe5+ Kb3 65. Qd5+ Qc4
66. Qd1+ Kc3 67. Qe1+ Kd3 68. Qd1+ Ke4 69. Qg4+ Kd5 70. Qf5+ Kc6 71. Qc8+ Kb5
72. Qb8+ Ka5 73. Qa8+ Kb5 74. Qb7+ Kc5 75. Qe7+ Kd5 76. Qd7+ Ke5 77. Qg7+ Kf4
78. Qh6+ Kf3 79. Qh5+ Qg4 80. Qd5+ Qe4 81. Qd1+ Kf4 82. Qd2+ Ke5 83. Qg5+ Qf5
84. Qe3+ 1/2-1/2

[Event "SR 2. liga A 2008/2009"]
[Site "?"]
[Date "2008.12.06"]
[Round "5.6"]
[White "Czucz, Andrej"]
[Black "Michalko, Peter"]
[Result "1/2-1/2"]
[WhiteElo "2004"]
[BlackElo "1782"]
[PlyCount "97"]
[EventDate "2008.??.??"]
[WhiteTeam "Slovakia"]
[BlackTeam "II"]
[WhiteTeamCountry "SVK"]
[BlackTeamCountry "SVK"]

1. c4 e5 2. Nc3 Nf6 3. g3 d5 4. cxd5 Nxd5 5. Bg2 Nb6 6. d3 Be7 7. Nf3 Nc6 8.
O-O O-O 9. b3 Be6 10. Bb2 f6 11. h3 a6 12. Rc1 Qe8 13. a3 Qf7 14. b4 Rad8 15.
Qc2 Bb3 16. Qb1 Na4 17. Ba1 Nxc3 18. Bxc3 Be6 19. Bb2 Bd6 20. Qa1 Qd7 21. Kh2
g5 22. Nd2 h5 23. Ne4 g4 24. h4 f5 25. Ng5 Nd4 26. Bxd4 exd4 27. Bxb7 f4 28.
Ne4 Be5 29. Bxa6 Qe7 30. Kg2 f3+ 31. exf3 gxf3+ 32. Kh1 Rf4 33. Ng5 Qf6 34. Rg1
Kh8 35. Qb2 Rxh4+ 36. gxh4 Qf4 37. Rg3 Qxh4+ 38. Kg1 Bxg3 39. Nxf3 Bh2+ 40.
Nxh2 Rg8+ 41. Kf1 Bh3+ 42. Ke2 Re8+ 43. Kd1 Bg4+ 44. f3 Re1+ 45. Kc2 Re2+ 46.
Kb1 Rxb2+ 47. Kxb2 Qg3 48. Nxg4 hxg4 49. fxg4 1/2-1/2

[Event "SR 2. liga A 2008/2009"]
[Site "?"]
[Date "2008.12.06"]
[Round "5.6"]
[White "Hecko, Dusan"]
[Black "Krist, Milan"]
[Result "1-0"]
[WhiteElo "2160"]
[BlackElo "2046"]
[Annotator "Fritz 9 (20s)"]
[PlyCount "83"]
[EventDate "2008.??.??"]
[WhiteTeam "Slovakia"]
[BlackTeam "II"]
[WhiteTeamCountry "SVK"]
[BlackTeamCountry "SVK"]

{C08: French Tarrasch: 3...c5 4 exd5 exd5 sidelines} 1. e4 e6 2. d4 d5 3. Nd2
c5 4. exd5 exd5 5. Ngf3 Nf6 6. Bb5+ Nc6 7. O-O cxd4 8. Nb3 Be7 9. Nbxd4 Bd7 10.
c3 O-O 11. Re1 Re8 12. Bxc6 ({kniz. Fritz} 12. Bg5 h6 13. Be3 Bd6 14. h3 a6 15.
Bf1 Ne4 16. Nxc6 bxc6 17. Nd2 Bf5 18. Nxe4 Bxe4 19. Bd3 a5 20. Bxe4 Rxe4 21.
Bd4 Rxe1+ 22. Qxe1 Rb8 23. b3 $15) 12... bxc6 13. Ne5 c5 (13... Bd6 14. Bf4 Ng4
15. Ndf3 $15) 14. Nec6 $11 Bxc6 15. Nxc6 Qc7 16. Nxe7+ Rxe7 17. Rxe7 Qxe7 18.
Bg5 Rd8 19. Qf3 Qe5 {Black plans d4} 20. Bxf6 gxf6 21. Rd1 d4 22. g3 c4 $2 (
22... f5 $142 $11) 23. Qg4+ $18 Kf8 24. cxd4 Qb5 25. Qf4 Kg7 $16 26. Rd2 Re8
27. Qg4+ Kf8 28. Re2 Rd8 29. Qe4 Kg7 $16 30. h4 Qa4 31. Qg4+ $18 Kf8 32. Rd2
Qxa2 $16 33. Qf5 Kg7 34. Qf3 Re8 35. h5 (35. d5 $5 $16) 35... Qb1+ 36. Kg2 c3
$2 (36... Re1 $142 $16) 37. bxc3 $18 Re1 38. d5 (38. h6+ $5 {bolo prisnejsie}
Kf8 $18) 38... Rh1 39. Qg4+ Kh6 $4 (39... Kf8 $142 $18) 40. d6 Rxh5 41. Qxh5+
$3 Kxh5 42. d7 1-0